| 000 | 00515aam a2200217 4500 | ||
|---|---|---|---|
| 005 | 20170316084551.0 | ||
| 008 | 150731b xxu||||| |||| 00| 0 spa d | ||
| 041 | _aspa | ||
| 082 | _a917.286 S164c2 | ||
| 100 |
_aSalguero, Miguel _941228 |
||
| 245 | _aCantones de Costa Rica | ||
| 260 | _aCosta Rica | ||
| 260 | _bCosta Rica | ||
| 260 | _c2000 | ||
| 300 | _a246 páginas | ||
| 650 |
_aCANTONES _99320 |
||
| 650 |
_aCOSTA RICA _941229 |
||
| 650 |
_aGEOGRAFÍA _91138 |
||
| 650 |
_aHISTORIA _943 |
||
| 942 | _cBK | ||
| 999 |
_c9049 _d9049 |
||